[Event "27.Bayer.Senioren-EM2015"]
[Site "?"]
[Date "2015.06.15"]
[Round "2.1"]
[White "Roeder, Frank"]
[Black "Neubauer, Jaroslaus"]
[Result "1/2-1/2"]
[WhiteElo "2184"]
[BlackElo "1858"]
[PlyCount "119"]
[EventDate "2015.??.??"]
[WhiteTeam "SV Altensittenbach"]
[BlackTeam "SK Schweinfurt"]

1. e4 e5 2. Nc3 Nc6 3. Bc4 Nf6 4. d3 Bc5 5. Be3 Bb6 6. Nge2 d6 7. O-O O-O 8.
Qd2 Nd4 9. Bxd4 exd4 10. Nd5 Nxd5 11. Bxd5 c6 12. Bb3 Be6 13. f4 Bxb3 14. axb3
f5 15. exf5 Rxf5 16. Ng3 Rf8 17. f5 d5 18. Qf4 Bc7 19. Qg4 Bxg3 20. hxg3 Qf6
21. Ra4 c5 22. Raa1 a6 23. Qf3 Rad8 24. Rae1 Rd6 25. g4 h6 26. Rf2 Qd8 27. Rfe2
Rd7 28. Re6 Rd6 29. Qe2 Kh7 30. Re7 Rd7 31. Qe6 Rd6 32. Qe5 Rdf6 33. Rxb7 R6f7
34. Re7 Qxe7 35. Qxe7 Rxe7 36. Rxe7 h5 37. gxh5 Rxf5 38. Rc7 Kh6 39. Rxc5 Kxh5
40. Ra5 Kg4 41. Rxa6 g5 42. Kh2 Kf4 43. Ra4 Ke3 44. Kg3 Kd2 45. Rxd4 Kxc2 46.
b4 Kxb2 47. Kg4 Re5 48. Kh5 Kc3 49. Rg4 Kxd3 50. b5 d4 51. Rxg5 Re1 52. b6 Rb1
53. Rg6 Ke4 54. g4 d3 55. Rd6 Ke3 56. Re6+ Kf4 57. Rd6 Rb5+ 58. Kh4 Ke3 59. g5
d2 60. Re6+ 1/2-1/2

[Event "27.Bayer.Senioren-EM2015"]
[Site "?"]
[Date "2015.06.15"]
[Round "2.2"]
[White "Kalkmann, Hans"]
[Black "Schmidt, Gerhard"]
[Result "0-1"]
[WhiteElo "1859"]
[BlackElo "2131"]
[PlyCount "36"]
[EventDate "2015.??.??"]
[WhiteTeam "SC Springer St.Tönis"]
[BlackTeam "SC Unterhaching"]

1. d4 Nf6 2. Nf3 d5 3. g3 Bf5 4. Bg2 e6 5. O-O h6 6. Ne1 c5 7. c3 cxd4 8. cxd4
Nc6 9. e3 Be7 10. Bd2 O-O 11. Bc3 b5 12. a3 a5 13. Nd3 b4 14. Be1 Qb6 15. f4
bxa3 16. Nxa3 Bxd3 17. Qxd3 Qxb2 18. Rb1 Qxa3 0-1

[Event "27.Bayer.Senioren-EM2015"]
[Site "?"]
[Date "2015.06.15"]
[Round "2.3"]
[White "Wolf, Walter"]
[Black "Hein, Manfred"]
[Result "1-0"]
[WhiteElo "2084"]
[BlackElo "1850"]
[PlyCount "101"]
[EventDate "2015.??.??"]
[WhiteTeam "Stuttgarter SF"]
[BlackTeam "FC Gunzenhausen"]

1. b3 e5 2. Bb2 Nc6 3. e3 d6 4. d4 exd4 5. exd4 d5 6. Bd3 Nf6 7. a3 Bd6 8. c4
O-O 9. Ne2 Re8 10. Nd2 Bf4 11. O-O Bxd2 12. Qxd2 Ne7 13. Ng3 c6 14. f4 Bd7 15.
f5 Qb6 16. Bc3 c5 17. Bc2 dxc4 18. bxc4 cxd4 19. Bxd4 Qd6 20. Qc3 Nc6 21. Bxf6
Qxf6 22. Qxf6 gxf6 23. Nh5 Red8 24. Nxf6+ Kg7 25. Nd5 f6 26. Rf4 Ne5 27. Re1
Rac8 28. Bb3 Bc6 29. Re3 Bxd5 30. cxd5 Rc5 31. Rd4 Rd6 32. Rh4 h6 33. Reh3 Nf7
34. Rg3+ Kf8 35. Rhg4 Rb6 36. h4 Rd6 37. Rg8+ Ke7 38. Rb8 b5 39. Rb7+ Kf8 40.
Rxa7 Rc1+ 41. Kh2 Ra1 42. Ra8+ Rd8 43. Rxd8+ Nxd8 44. d6 Nf7 45. d7 Ke7 46.
Bxf7 Kxd7 47. Rb3 Kd6 48. Rxb5 Rxa3 49. Be6 Rd3 50. Rb7 Ke5 51. Rh7 1-0

[Event "27.Bayer.Senioren-EM2015"]
[Site "?"]
[Date "2015.06.15"]
[Round "2.4"]
[White "Schroeter, Manfred"]
[Black "Goy, Udo"]
[Result "0-1"]
[WhiteElo "1855"]
[BlackElo "2084"]
[PlyCount "136"]
[EventDate "2015.??.??"]
[WhiteTeam "SC Falke Saerbeck"]
[BlackTeam "Ford SF Köln"]

1. e4 g6 2. Nc3 Bg7 3. Bc4 Nc6 4. Nf3 e5 5. d3 Nge7 6. a3 O-O 7. Bg5 d6 8. Nd5
Be6 9. Qd2 Bxd5 10. Bxd5 Qd7 11. Ba2 d5 12. O-O-O a5 13. Bh6 b5 14. Bxg7 Kxg7
15. Qc3 Qd6 16. d4 b4 17. dxe5 bxc3 18. exd6 cxb2+ 19. Kxb2 cxd6 20. Bxd5 Rab8+
21. Kc1 Rfc8 22. Rd3 Ne5 23. Nxe5 dxe5 24. Kd2 Rc7 25. Rc3 Rd7 26. Rc5 a4 27.
Ra5 f5 28. f3 fxe4 29. fxe4 Rf8 30. Ke2 Nxd5 31. exd5 Rf4 32. Rd1 Re4+ 33. Kd2
h5 34. Rc5 Rg4 35. g3 h4 36. Kc1 hxg3 37. hxg3 Rxg3 38. d6 Kf6 39. Rf1+ Ke6 40.
Re1 Rg5 41. Re4 Kxd6 42. Rcc4 Rg1+ 43. Kd2 Ke6+ 44. Kc3 Rg3+ 45. Kb2 Rb7+ 46.
Rb4 Rxb4+ 47. Rxb4 g5 48. Rxa4 g4 49. Ra8 Rh3 50. Rg8 Kf5 51. a4 Rh6 52. Kc3
Kf4 53. Kd3 Rd6+ 54. Ke2 Rc6 55. Rf8+ Ke4 56. Kd2 g3 57. Rg8 Kf3 58. Rf8+ Kg2
59. Kd3 Ra6 60. Rf5 Ra5 61. Ke2 Rc5 62. Kd2 Kh3 63. Rh5+ Kg4 64. Rh8 g2 65.
Rg8+ Kf3 66. Rf8+ Kg3 67. Rg8+ Kf2 68. Rf8+ Kg1 0-1

[Event "27.Bayer.Senioren-EM2015"]
[Site "?"]
[Date "2015.06.15"]
[Round "2.5"]
[White "Urytskyy, Arkadiy"]
[Black "Korth, Manfred"]
[Result "1-0"]
[WhiteElo "2078"]
[BlackElo "1833"]
[PlyCount "69"]
[EventDate "2015.??.??"]
[WhiteTeam "TSV Bindlach"]
[BlackTeam "SC Heideck-Hilpoltstein"]

1. Nf3 d6 2. g3 e5 3. d3 f5 4. Bg2 c6 5. c4 Nf6 6. Nc3 Be7 7. O-O O-O 8. Rb1 h6
9. b4 Nbd7 10. b5 c5 11. Nh4 Nb6 12. a4 Rb8 13. a5 Na8 14. Ng6 Re8 15. Nd5 Bf8
16. f4 Nxd5 17. Bxd5+ Be6 18. Bxe6+ Rxe6 19. Nxf8 Qxf8 20. fxe5 dxe5 21. e4 Rf6
22. Bb2 Re8 23. exf5 Rxf5 24. Qg4 Rxf1+ 25. Rxf1 Qd6 26. Qf5 Nc7 27. b6 axb6
28. axb6 Qxb6 29. Bxe5 Rxe5 30. Qxe5 Ne6 31. Qd5 Kh8 32. Re1 Nc7 33. Qf7 Qd6
34. Re7 Qd4+ 35. Kg2 1-0

[Event "27.Bayer.Senioren-EM2015"]
[Site "?"]
[Date "2015.06.15"]
[Round "2.6"]
[White "Knollmueller, Peter"]
[Black "Jergler, Karl-Heinz"]
[Result "0-1"]
[WhiteElo "1838"]
[BlackElo "2076"]
[PlyCount "108"]
[EventDate "2015.??.??"]
[WhiteTeam "SK Töging"]
[BlackTeam "SC Waldkraiburg"]

1. d4 Nf6 2. Nf3 g6 3. c4 Bg7 4. Nc3 d5 5. e3 O-O 6. Be2 c5 7. O-O cxd4 8. exd4
Nc6 9. h3 dxc4 10. Bxc4 Na5 11. Be2 Be6 12. Ng5 Bc4 13. Re1 h6 14. Bxc4 Nxc4
15. Nf3 Nb6 16. Bf4 Nbd5 17. Nxd5 Nxd5 18. Be5 Rc8 19. Bxg7 Kxg7 20. Qb3 b6 21.
Re5 e6 22. Rd1 Qd6 23. a3 Rc6 24. Re2 Rfc8 25. Ne5 Rc1 26. g3 Nf6 27. Qd3 Qd5
28. Ree1 Rxd1 29. Rxd1 Rc7 30. Qf3 Rc2 31. Qxd5 Nxd5 32. b4 f6 33. Nf3 Rc3 34.
Kg2 Rxa3 35. Rc1 Rc3 36. Rxc3 Nxc3 37. Ne1 Kf7 38. Kf3 Ke7 39. Nc2 a5 40. bxa5
bxa5 41. Ke3 Kd6 42. Kd3 Nd5 43. Kc4 Kc6 44. Na3 h5 45. Kb3 Nb6 46. Kc3 g5 47.
Kd3 Nd5 48. Kc4 h4 49. Nc2 f5 50. Ne1 Nf6 51. Nf3 hxg3 52. fxg3 g4 53. Ne5+ Kd6
54. h4 Nh5 0-1

[Event "27.Bayer.Senioren-EM2015"]
[Site "?"]
[Date "2015.06.15"]
[Round "2.7"]
[White "Trescher, Manfred"]
[Black "Pidtoptanyy, Igor"]
[Result "1-0"]
[WhiteElo "2062"]
[BlackElo "1823"]
[PlyCount "109"]
[EventDate "2015.??.??"]
[WhiteTeam "Stiftung BSW - SG München"]
[BlackTeam "SW Nürnberg Süd"]

1. d4 Nf6 2. Nc3 d5 3. Bg5 e6 4. e4 dxe4 5. Bxf6 Qxf6 6. Nxe4 Qd8 7. Nf3 Be7 8.
Bd3 Nd7 9. O-O O-O 10. Qe2 b6 11. Neg5 g6 12. h4 Bb7 13. g3 Nf6 14. c4 h6 15.
Ne4 Nxe4 16. Bxe4 Bxe4 17. Qxe4 Bf6 18. Rad1 Qd6 19. Rfe1 Rad8 20. Kg2 Rfe8 21.
b3 Bg7 22. Ne5 Bxe5 23. Qxe5 Qxe5 24. dxe5 Kf8 25. Kf3 Ke7 26. Kg4 f6 27. exf6+
Kxf6 28. f4 c5 29. h5 gxh5+ 30. Kxh5 Rd4 31. Rxd4 cxd4 32. Rd1 Rd8 33. Kg4 h5+
34. Kf3 Kf5 35. b4 e5 36. fxe5 Kxe5 37. Re1+ Kf5 38. Rh1 Kg5 39. Ke2 Re8+ 40.
Kd3 Re3+ 41. Kxd4 Rxg3 42. c5 Rg2 43. c6 Rc2 44. Kd5 Rxa2 45. Rc1 Rd2+ 46. Ke6
Rd8 47. c7 Ra8 48. c8=Q Rxc8 49. Rxc8 a5 50. b5 h4 51. Rc1 Kf4 52. Kd5 h3 53.
Kc6 Kg3 54. Kxb6 a4 55. Ka5 1-0

[Event "27.Bayer.Senioren-EM2015"]
[Site "?"]
[Date "2015.06.15"]
[Round "2.8"]
[White "Weiskopf, Hans"]
[Black "Daeubler, Heinrich"]
[Result "1/2-1/2"]
[WhiteElo "1832"]
[BlackElo "2058"]
[PlyCount "54"]
[EventDate "2015.??.??"]
[WhiteTeam "FC Gunzenhausen"]
[BlackTeam "SC Haselmühl"]

1. d4 Nf6 2. c4 g6 3. Nc3 Bg7 4. e4 d6 5. Be2 O-O 6. Nf3 e5 7. d5 Na6 8. Bg5 h6
9. Bh4 Qe8 10. Nd2 Bd7 11. O-O Kh7 12. a3 g5 13. Bg3 Nc5 14. b4 Na4 15. Nxa4
Bxa4 16. Qb1 Bd7 17. h3 Ng8 18. Bd3 Ne7 19. c5 Ng6 20. Ra2 Qe7 21. Rc2 Rab8 22.
Nc4 Bb5 23. Qb3 Qd7 24. Rcc1 Nf4 25. Bxf4 gxf4 26. Be2 Qe7 27. Bg4 Bd7 1/2-1/2

[Event "27.Bayer.Senioren-EM2015"]
[Site "?"]
[Date "2015.06.15"]
[Round "2.9"]
[White "Roeder, Gerd"]
[Black "Bilyavskyy, Borys"]
[Result "1-0"]
[WhiteElo "2047"]
[BlackElo "1807"]
[PlyCount "73"]
[EventDate "2015.??.??"]
[WhiteTeam "SV Altensittenbach"]
[BlackTeam "FC Ergolding"]

1. e4 e5 2. Nc3 Nf6 3. f4 d6 4. d4 Qe7 5. Nf3 Bg4 6. fxe5 dxe5 7. dxe5 Bxf3 8.
exf6 Bxd1 9. fxe7 Bxe7 10. Kxd1 O-O 11. Bd3 c6 12. Be3 Nd7 13. Ke2 b5 14. a3 a6
15. Rad1 Ne5 16. h3 c5 17. Nd5 Bd6 18. c3 Rad8 19. Bg5 f6 20. Bf4 Rfe8 21. Bxe5
Rxe5 22. g4 Rde8 23. Bc2 Bb8 24. Kf3 h5 25. Nf4 hxg4+ 26. hxg4 Rg5 27. Rd5 Bxf4
28. Kxf4 Rge5 29. Rxe5 Rxe5 30. Rd1 c4 31. Rd6 a5 32. Rd5 g5+ 33. Kg3 a4 34.
Kf3 Kf7 35. Ke3 Ke7 36. Kd4 Re6 37. Kc5 1-0

[Event "27.Bayer.Senioren-EM2015"]
[Site "?"]
[Date "2015.06.15"]
[Round "2.10"]
[White "Zschorsch, Peter"]
[Black "Fischer, Gerd"]
[Result "1/2-1/2"]
[WhiteElo "1772"]
[BlackElo "2011"]
[PlyCount "109"]
[EventDate "2015.??.??"]
[WhiteTeam "Karlsruher SF"]
[BlackTeam "FC Gunzenhausen"]

1. e4 c5 2. d4 cxd4 3. c3 d3 4. Bxd3 Nc6 5. f4 d6 6. Nf3 g6 7. Qe2 Bg7 8. O-O
Bg4 9. Be3 Nf6 10. h3 Bxf3 11. Qxf3 Qc7 12. Na3 a6 13. Nc4 Nd7 14. Qf2 O-O 15.
Rad1 b5 16. Nb6 Nxb6 17. Bxb6 Qb7 18. Bc2 Rab8 19. Bd4 b4 20. Bxg7 Kxg7 21. c4
Qb6 22. Rd5 Rfc8 23. Rfd1 Qxf2+ 24. Kxf2 Nd8 25. b3 Ne6 26. Ke3 Nc5 27. e5 dxe5
28. Rxe5 Rb7 29. Red5 Rb6 30. g4 e6 31. Rd6 Rbb8 32. h4 f5 33. g5 Kf7 34. Kd4
Ke7 35. Ke3 Rc7 36. R6d2 Rd7 37. Rxd7+ Nxd7 38. Rd4 Rb6 39. Bd1 Nc5 40. Bc2 a5
41. Rd1 Nd7 42. h5 e5 43. fxe5 Nxe5 44. Kf4 Re6 45. hxg6 hxg6 46. Rd5 Nc6 47.
Rd2 Rd6 48. Rxd6 Kxd6 49. Bxf5 gxf5 50. Kxf5 Ke7 51. g6 Nd4+ 52. Ke5 Ne6 53.
Kd5 Kd7 54. Ke5 Ke7 55. Kd5 1/2-1/2

[Event "27.Bayer.Senioren-EM2015"]
[Site "?"]
[Date "2015.06.15"]
[Round "2.11"]
[White "Wittkugel, Friedhelm"]
[Black "Blodig, Reinhard"]
[Result "1/2-1/2"]
[WhiteElo "1768"]
[BlackElo "1999"]
[PlyCount "39"]
[EventDate "2015.??.??"]
[WhiteTeam "SV Kamen"]
[BlackTeam "TV Riedenburg"]

1. d4 Nf6 2. Nc3 d6 3. e4 g6 4. f4 Bg7 5. e5 Nfd7 6. Nf3 c5 7. exd6 O-O 8. dxe7
Qxe7+ 9. Qe2 Qd8 10. Qf2 cxd4 11. Nxd4 Qb6 12. Nde2 Nc6 13. Qxb6 Nxb6 14. Bd2
Bf5 15. O-O-O Rfd8 16. Ng3 Bg4 17. Be2 Bxe2 18. Ngxe2 Nc4 19. b3 Nxd2 20. Rxd2
1/2-1/2

[Event "27.Bayer.Senioren-EM2015"]
[Site "?"]
[Date "2015.06.15"]
[Round "2.12"]
[White "Siegmund, Rainer"]
[Black "Niedermaier, Peter"]
[Result "1/2-1/2"]
[WhiteElo "1991"]
[BlackElo "1757"]
[PlyCount "86"]
[EventDate "2015.??.??"]
[WhiteTeam "SV Dresden-Striesen"]
[BlackTeam "SU Ebersberg-Grafing"]

1. d4 Nf6 2. c4 g6 3. Nc3 d5 4. Nf3 Bg7 5. Bg5 Ne4 6. Bh4 Nxc3 7. bxc3 dxc4 8.
Qa4+ Bd7 9. Qxc4 O-O 10. Qb4 Nc6 11. Qxb7 Rb8 12. Qa6 Rb6 13. Qa3 Re8 14. e3
Qb8 15. Qc1 Bf5 16. Bc4 Na5 17. Be2 Rb2 18. Nd2 Rc2 19. Qa3 Qb2 20. Qxb2 Rxb2
21. Bg3 c5 22. Bc7 Nc6 23. Bf3 Rc8 24. Bxc6 Rxc7 25. Be4 cxd4 26. cxd4 Bxe4 27.
Nxe4 Rcc2 28. O-O Rxa2 29. Rxa2 Rxa2 30. Rc1 f5 31. Ng5 Ra6 32. Rc8+ Bf8 33. g3
h6 34. Nf3 Kg7 35. Ne5 Rd6 36. h4 Rd5 37. Kf1 a5 38. Nxg6 Kxg6 39. Rxf8 e5 40.
dxe5 Rxe5 41. Ke2 Re4 42. Kd3 a4 43. f3 Rb4 1/2-1/2

[Event "27.Bayer.Senioren-EM2015"]
[Site "?"]
[Date "2015.06.15"]
[Round "2.13"]
[White "Straub, Peter"]
[Black "Thieme, Wolfgang"]
[Result "1-0"]
[WhiteElo "1965"]
[BlackElo "1755"]
[PlyCount "63"]
[EventDate "2015.??.??"]
[WhiteTeam "SK Mering"]
[BlackTeam "SC Bayer Uerdingen"]

1. d4 Nf6 2. c4 g6 3. Nc3 d5 4. cxd5 Nxd5 5. Bd2 Bg7 6. e4 Nxc3 7. Bxc3 O-O 8.
Qd2 c6 9. Nf3 Nd7 10. Bd3 Nb6 11. O-O Be6 12. b3 Qd7 13. h3 Rad8 14. Rad1 Qc7
15. Rfe1 h6 16. Rc1 Qb8 17. Qe3 Kh7 18. Bc2 Nd7 19. a4 Nf6 20. b4 Rfe8 21. b5
cxb5 22. axb5 Nd7 23. d5 Bxc3 24. Qxc3 Rc8 25. Qe3 Bxh3 26. gxh3 e6 27. dxe6
Rxe6 28. Bb3 Rxc1 29. Rxc1 Rf6 30. e5 Rf5 31. Re1 Rh5 32. Bxf7 1-0

[Event "27.Bayer.Senioren-EM2015"]
[Site "?"]
[Date "2015.06.15"]
[Round "2.14"]
[White "Leuschner, Guenter"]
[Black "Isopp, Manfred"]
[Result "1-0"]
[WhiteElo "1757"]
[BlackElo "1957"]
[PlyCount "89"]
[EventDate "2015.??.??"]
[WhiteTeam "SW Nürnberg Süd"]
[BlackTeam "SV Treffen"]

1. d4 Nf6 2. c4 c5 3. e3 g6 4. Nc3 Bg7 5. Nf3 O-O 6. Be2 d6 7. O-O Nc6 8. d5
Nb4 9. a3 Na6 10. e4 Nc7 11. Bf4 Nh5 12. Be3 Bd7 13. Qd2 a6 14. b4 cxb4 15.
axb4 Rc8 16. Rac1 Nf6 17. h3 Na8 18. e5 dxe5 19. Nxe5 Ne8 20. Nxd7 Qxd7 21. Ne4
Nd6 22. Nc5 Qc7 23. Bg4 Rcd8 24. Qa2 h5 25. Be2 Nf5 26. Bd2 Nb6 27. Qa5 Nd4 28.
Bd1 Rc8 29. Be3 Nd7 30. Nxd7 Qxd7 31. Qb6 Nf5 32. Bc5 Qc7 33. Qxc7 Rxc7 34. Bb6
Rcc8 35. Re1 Bf6 36. Ba4 Nd6 37. c5 Nb5 38. Bxb5 axb5 39. c6 bxc6 40. dxc6 e6
41. Red1 Rfe8 42. Rd7 Kg7 43. Kf1 Be7 44. Ba5 Kf8 45. Ke2 1-0

[Event "27.Bayer.Senioren-EM2015"]
[Site "?"]
[Date "2015.06.15"]
[Round "2.15"]
[White "Gerhards, Walter"]
[Black "Kurka, Dieter"]
[Result "0-1"]
[WhiteElo "1756"]
[BlackElo "1931"]
[PlyCount "52"]
[EventDate "2015.??.??"]
[WhiteTeam "Ratinger SK"]
[BlackTeam "Kölner SK Dr. Lasker"]

1. e4 c5 2. Nf3 e6 3. d4 cxd4 4. Nxd4 a6 5. Nc3 Qc7 6. Be2 Nf6 7. O-O d6 8. f4
Be7 9. Bf3 Nc6 10. Nce2 e5 11. Nb3 Be6 12. Be3 Ng4 13. Bd2 Qb6+ 14. Kh1 Nf2+
15. Rxf2 Qxf2 16. f5 Bxb3 17. axb3 O-O 18. Nc3 Nd4 19. Nd5 Bh4 20. Bh5 Rab8 21.
Rc1 g6 22. Bh6 Rfc8 23. g3 gxh5 24. Qxh5 Nf3 25. Qg4+ Bg5 26. Qh3 Rxc2 0-1

[Event "27.Bayer.Senioren-EM2015"]
[Site "?"]
[Date "2015.06.15"]
[Round "2.16"]
[White "Strecker, Gerhard"]
[Black "Klueber, Werner"]
[Result "0-1"]
[WhiteElo "1930"]
[BlackElo "1740"]
[PlyCount "104"]
[EventDate "2015.??.??"]
[WhiteTeam "SC Starnberg"]
[BlackTeam "SC Prichsenstadt"]

1. e4 d5 2. exd5 Qxd5 3. Nc3 Qd6 4. d4 Nf6 5. Nf3 c6 6. Be2 Bf5 7. O-O e6 8. h3
h6 9. Be3 Be7 10. Qd2 O-O 11. a3 Qd8 12. Bd3 Bxd3 13. Qxd3 Nbd7 14. Ne2 Re8 15.
c4 Bd6 16. Rfd1 Qc7 17. c5 Bf8 18. Bf4 Qd8 19. Nc3 Nd5 20. Nxd5 exd5 21. b4 a6
22. Ne5 Nf6 23. a4 Ne4 24. f3 Ng5 25. Qf5 g6 26. Qd3 Ne6 27. Bh2 Bg7 28. Rab1
Qg5 29. f4 Nxf4 30. Qf3 Bxe5 31. dxe5 Ne6 32. Rf1 Rf8 33. Bg3 h5 34. Rbe1 Qe7
35. Qe2 a5 36. Rf6 axb4 37. Bf2 Rxa4 38. Be3 Rfa8 39. Ref1 Ra1 40. Rxa1 Rxa1+
41. Kh2 Qe8 42. Qb2 Re1 43. Qd2 Ra1 44. Qb2 Ra4 45. Qc2 Ra5 46. h4 Rb5 47. Rf2
b3 48. Qb2 Qe7 49. Rf6 Qe8 50. Rf2 Nxc5 51. Bxc5 Rxc5 52. Re2 Rc2 0-1

[Event "27.Bayer.Senioren-EM2015"]
[Site "?"]
[Date "2015.06.15"]
[Round "2.17"]
[White "Lehr, Thomas"]
[Black "Aigner, Georg"]
[Result "0-1"]
[WhiteElo "1895"]
[BlackElo "1725"]
[PlyCount "86"]
[EventDate "2015.??.??"]
[WhiteTeam "Husumer SV"]
[BlackTeam "SC Taufkirchen"]

1. e4 e5 2. Nf3 Nc6 3. c3 Nf6 4. d4 Nxe4 5. d5 Ne7 6. Nxe5 Ng6 7. Qf3 Nf6 8.
Nxg6 hxg6 9. Bc4 d6 10. Be3 Be7 11. Nd2 a6 12. a4 Bg4 13. Qf4 Qd7 14. f3 Bf5
15. g4 Bc2 16. b3 g5 17. Qg3 c6 18. dxc6 bxc6 19. Rc1 Bg6 20. Bxg5 d5 21. Be2
Ba3 22. O-O Bxc1 23. Rxc1 O-O 24. Qf2 Rfe8 25. b4 Re6 26. Nb3 Qd6 27. Nc5 Ree8
28. Bxf6 Qxf6 29. Bxa6 Re7 30. Kg2 Rae8 31. Qd4 Qg5 32. Rf1 f5 33. h3 f4 34. a5
Re1 35. Rxe1 Rxe1 36. Bf1 Ra1 37. Ne6 Qe7 38. Nxf4 Ra2+ 39. Kg1 Qe1 40. Ng2 Qb1
41. Qe3 Ra1 42. Qe6+ Kh7 43. Ne3 Bd3 0-1

[Event "27.Bayer.Senioren-EM2015"]
[Site "?"]
[Date "2015.06.15"]
[Round "2.18"]
[White "Braeu, Ludwig"]
[Black "Glueck, Josef"]
[Result "1/2-1/2"]
[WhiteElo "1733"]
[BlackElo "1891"]
[PlyCount "60"]
[EventDate "2015.??.??"]
[WhiteTeam "SK Marktoberdorf"]
[BlackTeam "SG Traunstein/Traunreut"]

1. c4 Nf6 2. g3 g6 3. Bg2 d5 4. cxd5 Nxd5 5. Nc3 Nxc3 6. bxc3 Bg7 7. Rb1 Nd7 8.
Nf3 O-O 9. O-O c6 10. d4 h6 11. Qd3 Nf6 12. Ne5 Qa5 13. Qc2 Qc7 14. Ba3 Be6 15.
c4 Ng4 16. Nxg4 Bxg4 17. h3 Be6 18. Bb2 Rad8 19. Rbd1 Rd7 20. e4 Rfd8 21. d5
cxd5 22. Bxg7 Kxg7 23. Qb2+ f6 24. cxd5 Bf7 25. Rc1 Qd6 26. Rc2 e6 27. Rd1 h5
28. h4 exd5 29. Rcd2 Be6 30. exd5 Bg4 1/2-1/2

[Event "27.Bayer.Senioren-EM2015"]
[Site "?"]
[Date "2015.06.15"]
[Round "2.19"]
[White "Maugg, Ludwig"]
[Black "Perzl, Michael"]
[Result "1/2-1/2"]
[WhiteElo "1881"]
[BlackElo "1713"]
[PlyCount "39"]
[EventDate "2015.??.??"]
[WhiteTeam "SC Sonthofen"]
[BlackTeam "TSV Trostberg"]

1. d4 d5 2. c4 e6 3. Nc3 Nf6 4. cxd5 exd5 5. Bg5 Be7 6. e3 O-O 7. Bd3 c6 8. Qc2
h6 9. Bh4 Nbd7 10. Nge2 Re8 11. O-O Nh5 12. Bxe7 Rxe7 13. b4 a6 14. a4 Nf8 15.
b5 cxb5 16. axb5 a5 17. Qb3 Nf6 18. Nf4 Rd7 19. b6 Rd6 20. Rfb1 1/2-1/2

[Event "27.Bayer.Senioren-EM2015"]
[Site "?"]
[Date "2015.06.15"]
[Round "2.20"]
[White "Zehfuss, Helmut"]
[Black "Kochseder, Georg"]
[Result "1/2-1/2"]
[WhiteElo "1716"]
[BlackElo "1871"]
[PlyCount "32"]
[EventDate "2015.??.??"]
[WhiteTeam "SG Traunstein/Traunreut"]
[BlackTeam "TV Hallstadt"]

1. e4 c5 2. Nf3 d6 3. d4 cxd4 4. Nxd4 Nc6 5. Nc3 a6 6. Be3 g6 7. Qd2 Bg7 8.
O-O-O Nxd4 9. Bxd4 Nf6 10. Bc4 O-O 11. f3 b5 12. Bb3 Bd7 13. g4 a5 14. a4 bxa4
15. Nxa4 Bxa4 16. Bxa4 Nd7 1/2-1/2

[Event "27.Bayer.Senioren-EM2015"]
[Site "?"]
[Date "2015.06.15"]
[Round "2.21"]
[White "Selig, Rainer"]
[Black "Schiessl, Hanns"]
[Result "1-0"]
[WhiteElo "2007"]
[BlackElo "1423"]
[PlyCount "35"]
[EventDate "2015.??.??"]
[WhiteTeam "SpV Ebersbach/SA"]
[BlackTeam "FVS ASP Hoyerswerda"]

1. Nf3 Nf6 2. c4 c5 3. Nc3 Nc6 4. g3 e5 5. Bg2 Be7 6. O-O d5 7. cxd5 Nxd5 8. d3
Nxc3 9. bxc3 Bf6 10. Nd2 Bd7 11. Qc2 O-O 12. Nc4 Qc7 13. Ne3 Be6 14. Bd2 Rfd8
15. Rab1 Rab8 16. Qa4 Rd6 17. Rb2 Nd8 18. Qe8# 1-0

[Event "27.Bayer.Senioren-EM2015"]
[Site "?"]
[Date "2015.06.15"]
[Round "2.22"]
[White "Wraga, Teresa"]
[Black "Stolpynskyy, Mark"]
[Result "0-1"]
[WhiteElo "1424"]
[BlackElo "1968"]
[PlyCount "116"]
[EventDate "2015.??.??"]
[WhiteTeam "SG Osnabrück"]
[BlackTeam "SW Nürnberg Süd"]

1. e4 c5 2. Nc3 Nc6 3. g3 g6 4. Bg2 Nf6 5. d3 d6 6. f4 Bg7 7. Nf3 O-O 8. O-O
Rb8 9. h3 Ne8 10. Be3 Nd4 11. Rb1 Nc7 12. Ne2 Nxf3+ 13. Rxf3 Ne6 14. c3 Qa5 15.
a3 Bd7 16. d4 cxd4 17. Nxd4 Nxd4 18. Bxd4 Bxd4+ 19. Qxd4 Rfc8 20. Rd3 Be6 21.
Qf2 Rc7 22. Rd2 Qc5 23. Qxc5 Rxc5 24. Re1 a5 25. g4 b5 26. f5 Bb3 27. Rde2 Re5
28. Kh2 b4 29. cxb4 axb4 30. Re3 bxa3 31. bxa3 Ba4 32. Kg3 g5 33. Bf3 f6 34.
Rd3 Rc5 35. Rd4 Bc6 36. Rb4 Ra8 37. Rb3 Rc4 38. Rb4 Rc3 39. a4 Rxa4 40. Rxa4
Bxa4 41. Kf2 Bc6 42. Re3 Rc4 43. Re2 Kf7 44. Kg3 e6 45. Re3 Ke7 46. Re2 e5 47.
Ra2 Ra4 48. Rc2 Kd7 49. Re2 Kc7 50. Rc2 Kb6 51. Rb2+ Kc7 52. Rc2 Rd4 53. Rc3
Kb6 54. Rb3+ Kc5 55. Rb8 Bxe4 56. Bxe4 Rxe4 57. Rh8 Re3+ 58. Kg2 d5 0-1

[Event "27.Bayer.Senioren-EM2015"]
[Site "?"]
[Date "2015.06.15"]
[Round "2.23"]
[White "Walther, Reinhard"]
[Black "Schoenfelder, Heinrich"]
[Result "1-0"]
[WhiteElo "1942"]
[BlackElo "1643"]
[PlyCount "109"]
[EventDate "2015.??.??"]
[WhiteTeam "SK Herzogenaurach"]
[BlackTeam "SC Tarrasch München"]

1. d4 f5 2. e4 fxe4 3. Nc3 d5 4. Qh5+ g6 5. Qxd5 Nf6 6. Qxd8+ Kxd8 7. Bc4 Nc6
8. Nge2 e6 9. Bg5 Be7 10. Bxf6 Bxf6 11. Nxe4 Bg7 12. c3 Rf8 13. O-O Na5 14. Bd3
b6 15. N2g3 Nb7 16. Rfe1 h6 17. Nd2 g5 18. Nf3 Nd6 19. Ne5 Bb7 20. Nh5 Bxe5 21.
Rxe5 Kd7 22. Rae1 Rae8 23. Ng7 Re7 24. Nxe6 Rfe8 25. Nf8+ Kd8 26. Ng6 Rxe5 27.
Rxe5 Rg8 28. f3 Rg7 29. Re3 b5 30. Ne5 a6 31. Kf2 Kc8 32. b3 h5 33. h3 Kd8 34.
c4 bxc4 35. bxc4 h4 36. a4 Bc8 37. c5 Nf7 38. a5 Nxe5 39. Rxe5 c6 40. Be4 Kc7
41. Ke3 Bd7 42. Bf5 Bxf5 43. Rxf5 Re7+ 44. Kd3 Rg7 45. Ke4 Kd7 46. Re5 Kd8 47.
Re6 Kd7 48. Rd6+ Kc7 49. Kf5 Kb7 50. Kf6 Rg8 51. Rd7+ Kb8 52. Kf7 Rh8 53. Re7
Rh7+ 54. Kf6 Rxe7 55. Kxe7 1-0

[Event "27.Bayer.Senioren-EM2015"]
[Site "?"]
[Date "2015.06.15"]
[Round "2.24"]
[White "Duerr, Rainer"]
[Black "Flockerzi, Armin"]
[Result "1-0"]
[WhiteElo "1816"]
[BlackElo "1605"]
[PlyCount "53"]
[EventDate "2015.??.??"]
[WhiteTeam "SC Prien"]
[BlackTeam "VfR-SC Koblenz"]

1. d4 d5 2. Nf3 Nf6 3. e3 e6 4. Bd3 b6 5. O-O c6 6. Qe2 Bb7 7. Nbd2 Qc7 8. e4
dxe4 9. Nxe4 Nxe4 10. Qxe4 c5 11. Bb5+ Nd7 12. Qg4 a6 13. Bf4 Qc8 14. Bxd7+
Qxd7 15. dxc5 bxc5 16. Ne5 Qc8 17. Rad1 Be4 18. Qe2 Bg6 19. h4 h6 20. Rfe1 Bh7
21. Nc4 Ra7 22. Nd6+ Bxd6 23. Bxd6 Rd7 24. Qe5 Qc6 25. Bxc5 Rxd1 26. Rxd1 Qb7
27. Qd6 1-0

[Event "27.Bayer.Senioren-EM2015"]
[Site "?"]
[Date "2015.06.15"]
[Round "2.25"]
[White "Reimann, Guenther"]
[Black "Rudek, Gerald"]
[Result "1-0"]
[WhiteElo "1803"]
[BlackElo "1453"]
[PlyCount "63"]
[EventDate "2015.??.??"]
[WhiteTeam "SC Magstadt"]
[BlackTeam "SC Feuchtwangen"]

1. c4 f5 2. e4 fxe4 3. d3 Nf6 4. dxe4 e5 5. a3 Be7 6. Nc3 O-O 7. Nf3 d6 8. h3
b6 9. Nd5 Bb7 10. Bd3 a5 11. Qe2 Nbd7 12. O-O Nc5 13. Bc2 Qd7 14. Bd2 Bd8 15.
b4 axb4 16. axb4 Ne6 17. Rxa8 Bxa8 18. Ra1 Qc8 19. Be3 Nd7 20. Qd2 c6 21. Nc3
Be7 22. Bb3 c5 23. Nd5 Qe8 24. Rxa8 Qxa8 25. Nxe7+ Kh8 26. Qxd6 Nd4 27. Bxd4
exd4 28. e5 Qb7 29. e6 Rf6 30. Qxd7 Qxd7 31. exd7 Rd6 32. Ne5 1-0